[Event "LEM Magdeburg"]
[Site "LEM Magdeburg"]
[Date "2011.06.02"]
[Round "6.4"]
[White "Richter, Dustin"]
[Black "Matthey, Harald"]
[Result "0-1"]
[WhiteElo "2085"]
[BlackElo "2226"]
[PlyCount "42"]
[EventDate "2011.??.??"]

1. e4 Nf6 2. e5 Nd5 3. c4 Nb6 4. d4 d6 5. f4 g6 6. Nc3 Bg7 7. Be3 Be6 8. Nf3
O-O 9. Qb3 a5 10. a4 Na6 11. d5 Bg4 12. Bd4 Nb4 13. O-O-O Bh6 14. Ne2 Bf5 15.
Rd2 Qe8 16. Bxb6 cxb6 17. Nfd4 Bd7 18. exd6 exd6 19. Nb5 Bxb5 20. axb5 Rc8 21.
Qh3 Qe4 0-1

[Event "LEM Magdeburg"]
[Site "LEM Magdeburg"]
[Date "2011.06.02"]
[Round "7.1"]
[White "Matthey, Harald"]
[Black "Reichert, Thomas"]
[Result "1-0"]
[WhiteElo "2226"]
[BlackElo "1979"]
[PlyCount "35"]
[EventDate "2011.??.??"]

1. e4 Nf6 2. e5 Nd5 3. d4 d6 4. c4 Nb6 5. f4 dxe5 6. fxe5 Nc6 7. Be3 Bf5 8. Nc3
e6 9. Nf3 Qd7 10. Be2 Rd8 11. O-O Bg4 12. c5 Bxf3 13. Bxf3 Nd5 14. Nxd5 exd5
15. Bg5 Ne7 16. Bh5 g6 17. Bg4 Qc6 18. Qf3 1-0

[Event "LEM Magdeburg"]
[Site "LEM Magdeburg"]
[Date "2011.06.02"]
[Round "7.4"]
[White "Reipsch, Jens"]
[Black "Brueggemann, Florian"]
[Result "1-0"]
[WhiteElo "2247"]
[BlackElo "2022"]
[PlyCount "71"]
[EventDate "2011.??.??"]

1. e4 e6 2. d4 d5 3. exd5 exd5 4. c4 Nc6 5. Nc3 Bb4 6. a3 Bxc3+ 7. bxc3 Qe7+ 8.
Be2 dxc4 9. Rb1 Nf6 10. Qa4 Ne4 11. Qxc4 Nd6 12. Qa4 b5 13. Qd1 Bf5 14. Rb2 Na5
15. Bf4 Nac4 16. Ra2 O-O 17. Nf3 Be4 18. O-O Bd5 19. Bd3 Rfe8 20. Ng5 f5 21.
Re2 Qf6 22. Rfe1 h6 23. Bxd6 Nxd6 24. Nf3 Rxe2 25. Qxe2 Qg6 26. Nh4 Qf7 27.
Bxb5 c6 28. Bd3 Re8 29. Qd1 Rxe1+ 30. Qxe1 g5 31. Qe5 gxh4 32. Qxd6 Qh5 33.
Qd8+ Kf7 34. Qd7+ Kf6 35. f3 Qf7 36. Qxf5+ 1-0

[Event "Stichkampf LEM"]
[Site "Loeberitz"]
[Date "2011.06.19"]
[Round "?"]
[White "Matthey, Harald"]
[Black "Schindler, Christian"]
[Result "1-0"]
[WhiteElo "2178"]
[BlackElo "2201"]
[PlyCount "102"]
[EventDate "2011.06.19"]

1. d4 c5 2. Nf3 cxd4 3. Nxd4 e5 4. Nf3 Nc6 5. g3 d5 6. Bg2 Nf6 7. O-O Be7 8. b3
O-O 9. Bb2 Qc7 10. Nbd2 h6 11. Re1 Be6 12. e4 d4 13. Qe2 Rfd8 14. a3 Rac8 15.
Red1 a6 16. Ne1 b5 17. h3 Bc5 18. Nd3 Bd6 19. Nf1 Nd7 20. g4 a5 21. Ng3 g6 22.
Bc1 Kh7 23. Qd2 Bf8 24. f4 exf4 25. Nxf4 Nde5 26. Rf1 Bg7 27. Nd5 Qa7 28. Kh1
Ne7 29. Nf6+ Kh8 30. g5 h5 31. Ngxh5 gxh5 32. Qe2 Ng4 33. hxg4 h4 34. g6 Bxf6
35. Rxf6 Nxg6 36. Bg5 d3 37. cxd3 Qd4 38. Rff1 Qxd3 39. Qb2+ Kh7 40. Bxd8 Qxd8
41. Qe2 Qg5 42. Rae1 Rc3 43. Rf3 Rxb3 44. Rxb3 Bxb3 45. e5 Be6 46. Be4 Bxg4 47.
Qg2 Kh6 48. Rg1 Kh5 49. Bxg6+ Qxg6 50. Qd5 Qe6 51. Qxe6 fxe6 {...} 1-0

[Event "Stichkampf LEM"]
[Site "Loeberitz"]
[Date "2011.06.19"]
[Round "?"]
[White "Reipsch, Jens"]
[Black "Matthey, Harald"]
[Result "1-0"]
[WhiteElo "2234"]
[BlackElo "2178"]
[PlyCount "55"]
[EventDate "2011.06.19"]

1. e4 c6 2. Ne2 Na6 3. d4 g6 4. g3 Nc7 5. Bg2 d5 6. exd5 cxd5 7. O-O Nf6 8. Nf4
Bg7 9. Re1 O-O 10. c3 Bf5 11. Nd2 Qd7 12. Nf3 Ne4 13. Ne5 Qd6 14. Nfd3 f6 15.
Ng4 Qa6 16. Ne3 Be6 17. Nb4 Qd6 18. Nexd5 Nxf2 19. Kxf2 Bxd5 20. Nxd5 Nxd5 21.
Qb3 Rad8 22. c4 e6 23. cxd5 exd5 24. Bf4 Qd7 25. Rac1 g5 26. Rc7 Qf5 27. Ree7
Bh8 28. Qxb7 1-0

[Event "Stichkampf LEM"]
[Site "Loeberitz"]
[Date "2011.06.19"]
[White "Schindler, Christian"]
[Black "Reipsch, Jens"]
[Result "0-1"]
[WhiteElo "2201"]
[BlackElo "2234"]
[PlyCount "118"]
[EventDate "2011.06.19"]

1. d4 Nf6 2. Nf3 c6 3. c4 b5 4. e3 bxc4 5. Bxc4 g6 6. O-O Bg7 7. b3 O-O 8. Bb2
Ba6 9. Qe2 Qb6 10. Nbd2 d5 11. Bxa6 Nxa6 12. Ba3 c5 13. Rac1 Rfc8 14. dxc5 Nxc5
15. Rc2 Rc7 16. Rfc1 Rac8 17. Bb2 Nfe4 18. Bd4 Bxd4 19. Nxd4 Nxd2 20. Qxd2 Ne4
21. Qd3 Rxc2 22. Rxc2 Rxc2 23. Nxc2 Qa5 24. a3 e6 25. b4 Qc7 26. f3 Nd6 27. Kf2
Nc4 28. g3 h5 29. Qc3 h4 30. a4 Qd7 31. b5 e5 32. g4 e4 33. Qd4 exf3 34. Kxf3
Qc7 35. Kg2 Qe7 36. Kh3 Ne5 37. Qxd5 Qf6 38. Qe4 Nf3 39. Qf4 Ng1+ 40. Kg2 Qb2
41. Qf2 Qc1 42. Qxh4 Qxc2+ 43. Kxg1 Qxa4 44. Qd8+ Kh7 45. Qd7 Qa2 46. h4 Kg7
47. Qd4+ Kg8 48. h5 gxh5 49. gxh5 Qb1+ 50. Kf2 Qf5+ 51. Kg3 Qxb5 52. Qg4+ Kh7
53. Kh4 Qe5 54. Qd4 Qe7+ 55. Kg4 Qe6+ 56. Kh4 a6 57. e4 a5 58. Qd5 a4 59. Qc4
Qxc4 0-1